Countries that have banned asbestos - Statistics

General Stats
  • This quiz has been taken 51 times
  • The average score is 38 of 54
Answer Stats
Answer % Correct
United Kingdom
97%
Poland
94%
Finland
91%
Germany
91%
Sweden
91%
Ireland
88%
Romania
88%
Australia
85%
Italy
85%
Netherlands
85%
Norway
85%
Portugal
85%
Slovakia
85%
Slovenia
85%
Spain
85%
Austria
82%
Czech Republic
82%
France
82%
Japan
82%
Belgium
79%
Bulgaria
79%
Hungary
79%
Iceland
79%
Croatia
76%
Estonia
76%
Greece
76%
Latvia
76%
Lithuania
76%
Luxembourg
76%
South Korea
76%
Denmark
74%
Egypt
74%
Serbia
74%
Switzerland
74%
Saudi Arabia
71%
Turkey
71%
Israel
68%
South Africa
68%
Qatar
65%
Argentina
62%
Cyprus
62%
Malta
62%
Kuwait
59%
Bahrain
56%
Chile
56%
Jordan
50%
Oman
50%
Algeria
47%
Uruguay
44%
Brunei
32%
Honduras
26%
Gabon
18%
Seychelles
15%
Mozambique
6%
No matching quizzes found
Score Distribution
Percent of People with Each Score
Percentile by Number Answered
Your Score History
You have not taken this quiz